000
00311nam a22001217a 4500
003
OSt
008
250116b |||||||| |||| 00| 0 eng d
041
_a
eng
100
_a
Crossly, Peter
_9
6951
245
_a
Small Farm Mechanization for Developing Countries
260
_a
New York:
_b
John Wiley & Sons
942
_c
BK
999
_c
19040
_d
19040